[Event "NED-chT 1617"]
[Site "Netherlands"]
[Date "2017.05.06"]
[Round "9.8"]
[White "Rihouay, Clement"]
[Black "Van der Werf, Mark"]
[Result "1-0"]
[WhiteElo "2245"]
[BlackElo "2409"]
[PlyCount "121"]
[EventDate "2016.09.17"]
[EventType "team-tourn"]
[EventRounds "9"]
[EventCountry "NED"]
[SourceTitle "EXT 2018"]
[Source "ChessBase"]
[SourceDate "2017.10.13"]
[SourceVersion "1"]
[SourceVersionDate "2017.10.13"]
[SourceQuality "1"]
[WhiteTeam "Charlois Europoort"]
[BlackTeam "Leiden LSG"]
[WhiteTeamCountry "NED"]
[BlackTeamCountry "NED"]

1. e4 Nf6 2. e5 Nd5 3. d4 d6 4. c4 Nb6 5. exd6 exd6 6. Nc3 Be7 7. Be2 0-0 8. b3 Re8 9. h3 Bf6 10. Nf3 c6 11. 0-0 d5 12. Be3 a5 13. c5 N6d7 14. Na4 b5 15. cxb6 Nxb6 16. Nc5 N6d7 17. Rc1 Nxc5 18. Rxc5 Bf5 19. Bd3 Be4 20. Bxe4 dxe4 21. Ne5 Bxe5 22. dxe5 Nd7 23. Rxc6 Nxe5 24. Rd6 Qe7 25. Qd4 Ng6 26. Rc1 Nh4 27. Rd7 Qe6 28. Qd5 Nf5 29. Qxe6 Rxe6 30. Ra7 Ree8 31. Rxa8 Rxa8 32. Bb6 g6 33. Rc4 Ra6 34. Bc7 e3 35. fxe3 Nxe3 36. Ra4 Rc6 37. Bxa5 Rc2 38. Bb6 Rxg2+ 39. Kh1 Rg3 40. Ra8+ Kg7 41. Kh2 Nf1+ 42. Kh1 f5 43. Bf2 Rd3 44. b4 Nd2 45. b5 Ne4 46. b6 Rd1+ 47. Bg1 Rb1 48. Kg2 Kf6 49. Bd4+ Ke6 50. a4 Kd5 51. Rd8+ Nd6 52. a5 Kxd4 53. Rxd6+ Ke3 54. a6 Rb2+ 55. Kg3 f4+ 56. Kh4 f3 57. a7 f2 58. a8Q Rb4+ 59. Kg3 f1Q 60. Qa3+ Ke2 61. Qd3+ 1-0

[Event "BEL-chT 1617"]
[Site "Belgium"]
[Date "2016.11.06"]
[Round "3.4"]
[White "Sarrau, Jelle"]
[Black "Rihouay, Clement"]
[Result "1/2-1/2"]
[WhiteElo "2373"]
[BlackElo "2263"]
[PlyCount "43"]
[EventDate "2016.10.02"]
[EventType "team-tourn"]
[EventRounds "11"]
[EventCountry "BEL"]
[SourceTitle "CBM 175 Extra"]
[Source "ChessBase"]
[SourceDate "2016.12.12"]
[SourceVersion "1"]
[SourceVersionDate "2016.12.12"]
[SourceQuality "1"]
[WhiteTeam "Liege Crelel"]
[BlackTeam "The Belgian CC"]
[WhiteTeamCountry "BEL"]
[BlackTeamCountry "BEL"]

1. d4 Nf6 2. c4 e6 3. Nc3 Bb4 4. Qc2 c5 5. dxc5 0-0 6. Nf3 Na6 7. g3 Nxc5 8. Bg2 Nce4 9. 0-0 Nxc3 10. bxc3 Bc5 11. e4 d6 12. e5 dxe5 13. Nxe5 Qc7 14. Qe2 Bd6 15. Re1 Nd7 16. Bf4 Nxe5 17. Bxe5 Rb8 18. Rad1 Bxe5 19. Qxe5 Qxe5 20. Rxe5 b6 21. c5 Ba6 22. cxb6 1/2-1/2

[Event "BEL-chT 1516"]
[Site "Belgium"]
[Date "2016.04.24"]
[Round "11.4"]
[White "Rihouay, Clement"]
[Black "Wantiez, Fabrice"]
[Result "1-0"]
[WhiteElo "2229"]
[BlackElo "2322"]
[PlyCount "81"]
[EventDate "2015.09.27"]
[EventType "team-tourn"]
[EventRounds "11"]
[EventCountry "BEL"]
[SourceTitle "EXT 2017"]
[Source "ChessBase"]
[SourceDate "2016.10.25"]
[SourceVersion "1"]
[SourceVersionDate "2016.10.25"]
[SourceQuality "1"]
[WhiteTeam "TBCC"]
[BlackTeam "Fontaine"]
[WhiteTeamCountry "BEL"]
[BlackTeamCountry "BEL"]

1. e4 e5 2. Nf3 Nc6 3. Bb5 a6 4. Bxc6 dxc6 5. 0-0 Ne7 6. Nxe5 Qd4 7. Qh5 g6 8. Qg5 Bg7 9. Nd3 f5 10. e5 Be6 11. b3 Qxa1 12. Nc3 b6 13. Ba3 Qxf1+ 14. Kxf1 c5 15. Nf4 Kf7 16. d4 Rad8 17. Nxe6 Kxe6 18. dxc5 b5 19. Qe3 Nc6 20. Bb2 b4 21. Na4 Rd1+ 22. Ke2 Rhd8 23. f4 Rb1 24. Qf3 Rd5 25. c3 g5 26. c4 Rxb2+ 27. Nxb2 Nd4+ 28. Ke3 Rxe5+ 29. Kxd4 Re4+ 30. Kd3 Bxb2 31. g4 Rxf4 32. Qe2+ Be5 33. gxf5+ Kxf5 34. Qh5 Rh4 35. Qf7+ Kg4 36. Ke4 Kh3+ 37. Kxe5 Kxh2 38. Qxc7 g4 39. Qd8 Rh3 40. Qd2+ Kg3 41. c6 1-0

[Event "NED-chT 1516"]
[Site "Netherlands"]
[Date "2016.04.23"]
[Round "9.9"]
[White "Rihouay, Clement"]
[Black "Kerkvliet, Maximiliaan"]
[Result "0-1"]
[WhiteElo "2254"]
[BlackElo "2179"]
[PlyCount "36"]
[EventDate "2015.09.26"]
[EventType "team-tourn"]
[EventRounds "9"]
[EventCountry "NED"]
[SourceTitle "EXT 2017"]
[Source "ChessBase"]
[SourceDate "2016.10.25"]
[SourceVersion "1"]
[SourceVersionDate "2016.10.25"]
[SourceQuality "1"]
[WhiteTeam "Charlois Europoort"]
[BlackTeam "Groningen Combinatie"]
[WhiteTeamCountry "NED"]
[BlackTeamCountry "NED"]

1. e4 d5 2. exd5 Qxd5 3. Nc3 Qd6 4. d4 Nf6 5. g3 Bg4 6. Nf3 Nc6 7. Be2 0-0-0 8. Nb5 Qd7 9. c3 e5 10. Qa4 a6 11. dxe5 Bxf3 12. Bxf3 Nxe5 13. Be2 Nd3+ 14. Bxd3 Qxd3 15. Na7+ Kb8 16. Be3 Qe4 17. Qxe4 Nxe4 18. f3 Bc5 0-1

[Event "Maastricht Limburg op-A 8th"]
[Site "Maastricht"]
[Date "2014.06.09"]
[Round "6"]
[White "Janssen, Ruud"]
[Black "Rihouay, Clement"]
[Result "1-0"]
[WhiteElo "2467"]
[BlackElo "2206"]
[PlyCount "91"]
[EventDate "2014.06.06"]
[EventType "swiss"]
[EventRounds "7"]
[EventCountry "NED"]
[SourceTitle "CBM 160 Extra"]
[Source "ChessBase"]
[SourceDate "2014.07.01"]
[SourceVersion "1"]
[SourceVersionDate "2014.07.01"]
[SourceQuality "1"]

1. c4 Nf6 2. Nc3 e5 3. Nf3 Nc6 4. g3 d5 5. cxd5 Nxd5 6. Bg2 Nb6 7. 0-0 Be7 8. a3 a5 9. d3 0-0 10. Be3 Re8 11. Rc1 Bg4 12. Re1 Qd7 13. Bxb6 cxb6 14. Nd2 Nd4 15. Nd5 Bd8 16. Nc4 Ra6 17. Nde3 b5 18. Nxg4 bxc4 19. e3 Nc6 20. dxc4 Qxd1 21. Rexd1 e4 22. b4 h5 23. b5 Ra8 24. bxc6 bxc6 25. Bh3 hxg4 26. Bxg4 Re5 27. Bd7 Be7 28. Bxc6 Rc8 29. Bd7 Rc7 30. a4 Kf8 31. Bb5 Bc5 32. Rd8+ Ke7 33. Rcd1 Kf6 34. h4 g6 35. Kg2 Bb4 36. g4 Kg7 37. Ra8 g5 38. h5 f5 39. gxf5 Rxf5 40. Rdd8 Rcf7 41. Rg8+ Kh7 42. Rh8+ Kg7 43. h6+ Kf6 44. Be8 Rc7 45. Ra6+ Ke5 46. Bg6 1-0

[Event "BEL-chT 1314"]
[Site "Belgium"]
[Date "2013.09.22"]
[Round "1.4"]
[White "Rihouay, Clement"]
[Black "Wantola, Ivo"]
[Result "1-0"]
[WhiteElo "2198"]
[BlackElo "2351"]
[PlyCount "33"]
[EventDate "2013.09.22"]
[EventType "team-tourn"]
[EventRounds "11"]
[EventCountry "BEL"]
[SourceTitle "EXT 2015"]
[Source "ChessBase"]
[SourceDate "2014.11.20"]
[SourceVersion "1"]
[SourceVersionDate "2014.11.20"]
[SourceQuality "1"]
[WhiteTeam "Anderlecht"]
[BlackTeam "Fontaine"]
[WhiteTeamCountry "BEL"]
[BlackTeamCountry "BEL"]

1. e4 c5 2. Nf3 g6 3. d4 cxd4 4. Nxd4 Nf6 5. Nc3 Nc6 6. Nxc6 bxc6 7. e5 Ng8 8. Bc4 Bg7 9. Qf3 e6 10. Bf4 Qa5 11. 0-0-0 Bxe5 12. Ne4 f5 13. Bxe5 Qxe5 14. Nd6+ Ke7 15. Bxe6 Qxe6 16. Rhe1 Nf6 17. Qa3 1-0

[Event "BEL-chT 1213"]
[Site "Belgium"]
[Date "2013.02.03"]
[Round "8.7"]
[White "Le Quang, Kim"]
[Black "Rihouay, Clement"]
[Result "1/2-1/2"]
[WhiteElo "2270"]
[BlackElo "2193"]
[PlyCount "53"]
[EventDate "2012.09.23"]
[EventType "team-tourn"]
[EventRounds "11"]
[EventCountry "BEL"]
[SourceTitle "EXT 2014"]
[Source "ChessBase"]
[SourceDate "2013.11.20"]
[SourceVersion "1"]
[SourceVersionDate "2013.11.20"]
[SourceQuality "1"]
[WhiteTeam "Fontaine"]
[BlackTeam "Anderlecht"]
[WhiteTeamCountry "BEL"]
[BlackTeamCountry "BEL"]

1. c4 b6 2. Nc3 c5 3. d3 Bb7 4. e4 e6 5. g3 Ne7 6. Bg2 Nbc6 7. Nge2 Nd4 8. Nxd4 cxd4 9. Ne2 Nc6 10. 0-0 e5 11. f4 d6 12. Bd2 a5 13. b3 Be7 14. a3 0-0 15. Qc2 Qc7 16. b4 axb4 17. axb4 Rfb8 18. Rfb1 Qc8 19. b5 Nd8 20. Bb4 Bf8 21. Qd1 Rxa1 22. Rxa1 Ra8 23. f5 Rxa1 24. Qxa1 Qa8 25. Qxa8 Bxa8 26. Nc1 Nb7 27. Nb3 1/2-1/2

[Event "BEL-chT 1213"]
[Site "Belgium"]
[Date "2012.11.18"]
[Round "4.8"]
[White "Remy, Joel"]
[Black "Rihouay, Clement"]
[Result "1-0"]
[WhiteElo "2058"]
[BlackElo "2193"]
[PlyCount "71"]
[EventDate "2012.09.23"]
[EventType "team-tourn"]
[EventRounds "11"]
[EventCountry "BEL"]
[SourceTitle "CBM 151 Extra"]
[Source "ChessBase"]
[SourceDate "2012.12.18"]
[SourceVersion "1"]
[SourceVersionDate "2012.12.18"]
[SourceQuality "1"]
[WhiteTeam "Charleroi CREC"]
[BlackTeam "Anderlecht"]
[WhiteTeamCountry "BEL"]
[BlackTeamCountry "BEL"]

1. d4 Nf6 2. c4 e6 3. Nc3 Bb4 4. Qc2 c5 5. e3 cxd4 6. exd4 d5 7. Nf3 Nc6 8. a3 Be7 9. c5 0-0 10. b4 e5 11. dxe5 Ng4 12. Bd3 a5 13. Rb1 axb4 14. axb4 Ngxe5 15. Nxe5 Nxe5 16. Bxh7+ Kh8 17. Bd3 g6 18. Rb3 Be6 19. Nb5 d4 20. Rb2 Bf6 21. 0-0 Nxd3 22. Qxd3 Bf5 23. Qd2 d3 24. Nd6 Qd7 25. Nxf5 Qxf5 26. Rb3 Rfd8 27. Rd1 Ra1 28. Bb2 Rxd1+ 29. Qxd1 Bxb2 30. Rxb2 d2 31. h3 Qd3 32. b5 Qc3 33. Ra2 Qc1 34. Ra1 Qxa1 35. Qxa1+ Kg8 36. Qd1 1-0

[Event "Pula op 26th"]
[Site "Pula"]
[Date "2012.06.13"]
[Round "6"]
[White "Doric, Nenad"]
[Black "Rihouay, Clement"]
[Result "1-0"]
[WhiteElo "2339"]
[BlackElo "2192"]
[PlyCount "66"]
[EventDate "2012.06.09"]
[EventType "swiss"]
[EventRounds "9"]
[EventCountry "CRO"]
[SourceTitle "CBM 148 Extra"]
[Source "ChessBase"]
[SourceDate "2012.06.22"]
[SourceVersion "1"]
[SourceVersionDate "2012.06.22"]
[SourceQuality "1"]

1. e4 c5 2. Nc3 Nc6 3. Bb5 Nd4 4. Bc4 a6 5. a4 Rb8 6. d3 b5 7. axb5 axb5 8. Ba2 e6 9. Nge2 b4 10. Nxd4 bxc3 11. Nb3 c4 12. dxc4 Bb4 13. 0-0 Bb7 14. Qd4 cxb2 15. Bxb2 Ne7 16. c5 Bc6 17. Rfb1 f6 18. c3 Ba5 19. Nxa5 Qxa5 20. f4 Qc7 21. f5 exf5 22. exf5 Nxf5 23. Qf2 Ne7 24. Re1 Kd8 25. Bc1 Ng6 26. Bf7 Ra8 27. Rxa8+ Bxa8 28. Bxg6 hxg6 29. Bf4 Qc6 30. Qb2 Qb7 31. Qe2 Qc6 32. Bd6 Bb7 33. Qe7+ Kc8 1-0

[Event "BEL-chT 1112"]
[Site "Belgium"]
[Date "2012.02.12"]
[Round "8.6"]
[White "Rihouay, Clement"]
[Black "Memeti, Kastriot"]
[Result "1/2-1/2"]
[WhiteElo "2228"]
[BlackElo "2195"]
[PlyCount "97"]
[EventDate "2011.10.09"]
[EventType "team-tourn"]
[EventRounds "11"]
[EventCountry "BEL"]
[SourceTitle "EXT 2013"]
[Source "ChessBase"]
[SourceDate "2012.11.22"]
[SourceVersion "1"]
[SourceVersionDate "2012.11.22"]
[SourceQuality "1"]
[WhiteTeam "Anderlecht"]
[BlackTeam "Amay"]
[WhiteTeamCountry "BEL"]
[BlackTeamCountry "BEL"]

1. e4 g6 2. d4 Bg7 3. c4 Nc6 4. Nf3 d6 5. d5 Ne5 6. Nxe5 Bxe5 7. Bd3 Nf6 8. Bc2 Nd7 9. 0-0 0-0 10. Nd2 c5 11. Rb1 Bg7 12. a3 a6 13. Ba4 b5 14. cxb5 Nb6 15. b4 Nxa4 16. Qxa4 Bd7 17. Qb3 Bxb5 18. Re1 cxb4 19. axb4 Rc8 20. Bb2 Bxb2 21. Qxb2 Bd3 22. Rbc1 Qb6 23. h3 Rxc1 24. Rxc1 Rb8 25. Rc6 Qd8 26. Qc3 Bb5 27. Rc7 Bd7 28. e5 Rc8 29. exd6 exd6 30. Rxc8 Qxc8 31. Ne4 Qxc3 32. Nxc3 Bb5 33. f4 h5 34. Kf2 Kg7 35. g4 Bc4 36. g5 f5 37. h4 Kf7 38. Ke3 Ke7 39. Kd4 Bb5 40. Nd1 Kd7 41. Ne3 Kc7 42. Kc3 Kd7 43. Kb3 Kc7 44. Nc2 Kd7 45. Nd4 Ke7 46. Kc3 Kd7 47. Ne6 Ke7 48. Kb3 Ke8 49. Nc7+ 1/2-1/2

[Event "BEL-chT 1112"]
[Site "Belgium"]
[Date "2011.12.04"]
[Round "5.7"]
[White "Rihouay, Clement"]
[Black "Gohla, Ulf"]
[Result "0-1"]
[WhiteElo "2228"]
[BlackElo "2182"]
[PlyCount "102"]
[EventDate "2011.10.09"]
[EventType "team-tourn"]
[EventRounds "11"]
[EventCountry "BEL"]
[SourceTitle "EXT 2013"]
[Source "ChessBase"]
[SourceDate "2012.11.22"]
[SourceVersion "1"]
[SourceVersionDate "2012.11.22"]
[SourceQuality "1"]
[WhiteTeam "Anderlecht"]
[BlackTeam "Eynatten"]
[WhiteTeamCountry "BEL"]
[BlackTeamCountry "BEL"]

1. e4 e5 2. Nf3 Nc6 3. Bb5 a6 4. Bxc6 dxc6 5. 0-0 Bg4 6. h3 h5 7. d3 Qf6 8. Nbd2 Ne7 9. Re1 Ng6 10. hxg4 hxg4 11. g3 gxf3 12. Qxf3 Qxf3 13. Nxf3 Bc5 14. Bd2 Rd8 15. Kg2 f6 16. Rh1 Rxh1 17. Rxh1 Kf7 18. Bc3 Bd4 19. Nxd4 exd4 20. Bd2 c5 21. f4 b6 22. g4 Ne7 23. f5 Nc6 24. a3 c4 25. Bf4 cxd3 26. cxd3 Ne5 27. g5 c5 28. Bxe5 fxe5 29. Rc1 a5 30. b4 cxb4 31. axb4 a4 32. Rc7+ Kf8 33. b5 Ra8 34. Rc2 a3 35. Ra2 Ke7 36. Kf3 Kd6 37. Kg4 Kc5 38. Kh5 Kxb5 39. Kg6 Ra7 40. f6 gxf6 41. gxf6 Kb4 42. f7 Ra8 43. Rf2 Kc3 44. f8Q Rxf8 45. Rxf8 b5 46. Ra8 b4 47. Ra4 Kb3 48. Ra5 a2 49. Kf5 Kb2 50. Kxe5 a1Q 51. Rxa1 Kxa1 0-1

[Event "BEL-chT 1112"]
[Site "Belgium"]
[Date "2011.10.09"]
[Round "1.5"]
[White "Rihouay, Clement"]
[Black "Meessen, Rudolf"]
[Result "0-1"]
[WhiteElo "2228"]
[BlackElo "2278"]
[PlyCount "86"]
[EventDate "2011.10.09"]
[EventType "team-tourn"]
[EventRounds "11"]
[EventCountry "BEL"]
[SourceTitle "EXT 2012"]
[Source "ChessBase"]
[SourceDate "2011.11.24"]
[SourceVersion "1"]
[SourceVersionDate "2011.11.24"]
[SourceQuality "1"]
[WhiteTeam "Anderlecht"]
[BlackTeam "Eupen Rochade"]
[WhiteTeamCountry "BEL"]
[BlackTeamCountry "BEL"]

1. e4 e6 2. d4 d5 3. Nc3 Bb4 4. Qd3 Ne7 5. Bd2 0-0 6. Nf3 b6 7. a3 Ba6 8. Qe3 Bxf1 9. Rxf1 Bxc3 10. Bxc3 Nd7 11. 0-0-0 a5 12. Ne5 Qc8 13. Nxd7 Qxd7 14. g4 b5 15. e5 Rfb8 16. f4 b4 17. Be1 Rb6 18. Bh4 Rab8 19. f5 bxa3 20. Qxa3 Nc6 21. Rf3 Rb5 22. Bf2 a4 23. f6 h6 24. fxg7 Rxb2 25. Qe3 Kxg7 26. Bh4 Rb1+ 27. Kd2 Rxd1+ 28. Kxd1 Rg8 29. Bf6+ Kh7 30. h4 Rxg4 31. Qd3+ Kg8 32. Rg3 h5 33. Qe3 Ne7 34. Rxg4+ hxg4 35. Qg5+ Ng6 36. h5 Qb5 37. Qh6 Qf1+ 38. Kd2 Qf4+ 39. Qxf4 Nxf4 40. h6 Kh7 41. Bg7 g3 42. Ke3 g2 43. Kf2 a3 0-1

[Event "Avoine op 24th"]
[Site "Avoine"]
[Date "2009.07.22"]
[Round "5"]
[White "Rihouay, Clement"]
[Black "Gallois, Jerome"]
[Result "1-0"]
[WhiteElo "2213"]
[BlackElo "2025"]
[PlyCount "47"]
[EventDate "2009.07.18"]
[EventType "swiss"]
[EventRounds "9"]
[EventCountry "FRA"]
[SourceTitle "CBM 131 Extra"]
[Source "ChessBase"]
[SourceDate "2009.09.03"]
[SourceVersion "2"]
[SourceVersionDate "2009.09.16"]
[SourceQuality "1"]

1. e4 d5 2. Nc3 d4 3. Nce2 e5 4. Ng3 Bd6 5. Bc4 c6 6. Nf3 Nd7 7. 0-0 Nb6 8. Bb3 Ne7 9. Ng5 Ned5 10. d3 h6 11. Nxf7 Kxf7 12. exd5 cxd5 13. f4 Ke7 14. fxe5 Bxe5 15. Qe2 Kd6 16. Bd2 a5 17. Rae1 Bf6 18. Nh5 a4 19. Nxf6 gxf6 20. Qf2 axb3 21. Bb4+ Kc6 22. Qxd4 Nd7 23. Re6+ Kb5 24. Qxd5+ 1-0

[Event "Avoine op 24th"]
[Site "Avoine"]
[Date "2009.07.21"]
[Round "4"]
[White "Colin, Vincent"]
[Black "Rihouay, Clement"]
[Result "1-0"]
[WhiteElo "2425"]
[BlackElo "2213"]
[PlyCount "53"]
[EventDate "2009.07.18"]
[EventType "swiss"]
[EventRounds "9"]
[EventCountry "FRA"]
[SourceTitle "CBM 131 Extra"]
[Source "ChessBase"]
[SourceDate "2009.09.03"]
[SourceVersion "2"]
[SourceVersionDate "2009.09.16"]
[SourceQuality "1"]

1. e4 c5 2. c3 Nf6 3. e5 Nd5 4. d4 cxd4 5. cxd4 Nc6 6. Nf3 d6 7. Bc4 e6 8. 0-0 Be7 9. Qe2 a6 10. Nc3 Nxc3 11. bxc3 d5 12. Bd3 Bd7 13. h4 h6 14. h5 Na5 15. Bd2 Qc7 16. Nh2 Nc4 17. Be1 0-0-0 18. f4 Ba3 19. Rb1 Bb5 20. f5 exf5 21. Rxf5 Rhe8 22. Ng4 Bf8 23. Qf3 Rd7 24. Rd1 Bc6 25. Bg3 Re6 26. Qe2 Kd8 27. Rf3 1-0

[Event "FRA-chT1B 0809"]
[Site "France"]
[Date "2008.12.13"]
[Round "4.2"]
[White "Rihouay, Clement"]
[Black "Payen, Arnaud"]
[Result "1-0"]
[WhiteElo "2196"]
[BlackElo "2366"]
[PlyCount "87"]
[EventDate "2008.10.19"]
[EventType "team-tourn"]
[EventRounds "11"]
[EventCountry "FRA"]
[SourceTitle "EXT 2010"]
[Source "ChessBase"]
[SourceDate "2010.11.25"]
[SourceVersion "1"]
[SourceVersionDate "2010.11.25"]
[SourceQuality "1"]
[WhiteTeam "Nantes"]
[BlackTeam "Gonfreville"]
[WhiteTeamCountry "FRA"]
[BlackTeamCountry "FRA"]

1. e4 e6 2. d4 d5 3. Nc3 dxe4 4. Nxe4 Bd7 5. Nf3 Bc6 6. Bd3 Nd7 7. 0-0 Ngf6 8. Nxf6+ Qxf6 9. Be2 Bxf3 10. Bxf3 c6 11. c4 Bd6 12. d5 exd5 13. cxd5 Ne5 14. dxc6 bxc6 15. Be4 0-0 16. g3 Rab8 17. Bd2 Rfd8 18. Bc3 Qh6 19. Qe2 Re8 20. Rad1 Re7 21. Qd2 Qxd2 22. Rxd2 Nc4 23. Rd4 Nb6 24. Rxd6 Rxe4 25. Rxc6 h5 26. Re1 Ra4 27. a3 Nd5 28. Re2 h4 29. Rd2 Rb5 30. Kf1 hxg3 31. hxg3 Re4 32. Bd4 a5 33. a4 Rb7 34. Ra6 Nc7 35. Rxa5 Rb4 36. Bc3 Rxa4 37. Rxa4 Rxa4 38. Rd8+ Kh7 39. Rd7 Nb5 40. Rxf7 Nxc3 41. bxc3 Ra2 42. c4 Rc2 43. Rc7 Kh6 44. c5 1-0

[Event "Avoine op 23rd"]
[Site "Avoine"]
[Date "2008.07.24"]
[Round "6"]
[White "Pytel, Bozena"]
[Black "Rihouay, Clement"]
[Result "1/2-1/2"]
[WhiteElo "1991"]
[BlackElo "2192"]
[PlyCount "28"]
[EventDate "2008.07.19"]
[EventType "swiss"]
[EventRounds "9"]
[EventCountry "FRA"]
[SourceTitle "CBM 125 Extra"]
[Source "ChessBase"]
[SourceDate "2008.09.01"]
[SourceVersion "1"]
[SourceVersionDate "2008.09.01"]
[SourceQuality "1"]

1. Nf3 Nf6 2. d4 e6 3. c3 b6 4. Bg5 Bb7 5. Nbd2 Be7 6. e3 c5 7. Bd3 cxd4 8. cxd4 Nc6 9. a3 0-0 10. 0-0 h6 11. Bh4 a6 12. Rc1 b5 13. b4 Qb6 14. Qe2 Rfc8 1/2-1/2